000 00671nam a22002177a 4500
003 UA-OsUOA
001 67896
007 ta
008 20100317b un ||||| |||| 00| 0 ukr d
100 _aНаумов Д.
090 _a330
_bН34
942 _cSA
040 _aUA-OsUOA
_bukr
_cUA-OsUOA
_dUA-OsUOA
245 _aЗалучення фінансових ресурсів для розвитку інфраструктурних проектів в умовах економічної кризи 2008-2009 років
300 _aС.12-32
955 _a0
041 _aukr
080 _a330
773 0 _w67894
650 7 _a330 Економіка взагалі
_2UDC
999 _c354068
_d354068